00777nam a22002057a 4500999001900000005001700019010001300036020002600049035001300075037002800088082001000116100001800126245009700144260003600241270006700277300002600344500001800370942002400388952015900412 c182246d18224620211112122310.0 aB-741843 a9788184043709c825.00 aB-741843 bShroff Publishers /Gift a006.7 aSegaran, Toby aProgramming collective intelligence:bbuilding smart web 2.0 applications /cby Toby Segaran aMumbaibShroff Publishersc2012 aC-103, MIDC, TTC Industrial Area, Pawane,bNavi Mumbaie400705 avp.:bill.c23cm(pbk) ainclude index 2ddccENmSEGh006.7 001040708NFICaBNbBNd2021-11-10eEng/Gift/8.11.2021g825.00l1o006.7 SEGpB-741843r2022-05-05 00:00:00s2022-04-22t1v825.00w2021-11-10yENzGift